00381nam a2200145Ia 4500003000400000008004100004040001600045082002700061100002600088245004100114260002800155490000500183650001900188650002800207GCL140319s9999 xx 000 0 ara d aGCL / cGCL04aكاسيتb162bص ا1 aصالح بوحشيم10aاوقات / cصالح بوحشيم a[S.N] : bلا يوجد a04aالاغانى04aشرائط كاسيت